• 首页
  • 本馆介绍
  • 公告通知
  • 最新文献
  • 馆藏检索
  • 电子资源
  • 读者导购
  • 参考咨询
  • 我的图书馆
  • 登录
  • 详细信息显示
  • 放入我的书架
  • 预约/预借图书
  • 作者相关作品
  • 分类相关作品
  • 丛书相关作品
  • 出版社相关作品

书目信息

  • 表格格式
  • 工作单格式
  • 卡片格式
题名:
中国常用成语典故名言故事源流辩书
    
 
作者: 若鹰 , 大力 , 稚雁 编著 ;赵子旭 审校
分册: 中卷  
出版信息: 哈尔滨   《新青年》杂志社  1985.5
页数: 551页
开本: 20cm
丛书名:
单 册:
中图分类: H136.3-61
科图分类:
主题词: 汉语--语义学 , 训诂 , 汉语--词汇 , 汉语--语义
电子资源:
ISBN:
000 00815nam0 2200265 45
001 0302201030
005 20070731151856.79
010    @dCNY8.
100    @a20030220d1985 km y0chiy0120 ea
101 0  @achi
105    @a z 000zy
200 1  @a中国常用成语典故名言故事源流辩书@h中卷@AZhong Guo Chang Yong Cheng Yu Dian Gu Ming Yan Gu Shi Yuan Liu Bian Shu@f若鹰,稚雁,大力等编著@FRuo Ying,Zhi Yan,Da Li Deng Bian Zhu@g赵子旭审校
210    @a哈尔滨@c《新青年》杂志社@d1985.5
215    @a551页@d20cm
606 0  @a汉语@x语义学
606 0  @a训诂
606 0  @a汉语@x词汇
606 0  @a汉语@x语义
690    @aH136.3-61@v3
701  0 @a若鹰@4编著
701  0 @a大力@4编著
701  0 @a稚雁@4编著
702  0 @a赵子旭@AZhao Zi Xu@4审校
801    @aCN@bTSTC@c20070731
905    @b153460@dH136.3-61@e102:2@f1
    
    中国常用成语典故名言故事源流辩书.中卷/若鹰,稚雁,大力等编著/赵子旭审校.-哈尔滨:《新青年》杂志社,1985.5
    551页;20cm
    
    
    ISBN :CNY8.
    
●
相关链接 在E读中查询图书 在五车中查询图书 在当当中查询图书 在豆瓣中查询图书


正题名:中国常用成语典故名言故事源流辩书     索取号:H136.3-61/102:2         预约/预借

序号 登录号 条形码 馆藏地/架位号 状态 备注
1 0153460   001801955   密集书库/ [索取号:H136.3-61/102:2] 在馆    
2 0153461   001735769   密集书库/ [索取号:H136.3-61/102:2] 在馆    
3 0153462   202074254   第二样本阅览室/ [索取号:H136.3-61/102:2] 在馆    
4 0790062   207900627   密集书库/ [索取号:H136.3-61/102:2] 在馆    
唐山师范学院图书馆 欢迎您!
大连网信软件有限公司© 版权所有